000 00422nam a2200181Ia 4500
008 230524s9999 xx 000 0 und d
020 _a9780070534698
082 _a620.11
_bVIJ
100 _aM.S.Vijaya
245 0 _aMaterial Science
250 _a1ST
260 _aNEW DELHI
_bTMH
_c2004
300 _aXVIII;583
500 _aQuantity Number: 102
650 _aChemistry
700 _a G.Rangarajan
942 _cBK
999 _c30079
_d30079